U.S. Geography by Letter - A - Statistics

General Stats
  • This quiz has been taken 1,036 times
  • The average score is 16 of 20
Answer Stats
Hint Answer % Correct
Largest state Alaska
99%
"The Grand Canyon State" Arizona
98%
Capital of Texas Austin
98%
Island in San Francisco Bay with a former prison Alcatraz
95%
Bill Clinton was this state's governor Arkansas
93%
Mobile is its main port Alabama
92%
State reptile of Florida Alligator
92%
City with the world's busiest airport Atlanta
90%
Range on Eastern United States Appalachians
85%
San Antonio mission where Mexico defeated Texas Alamo
83%
Religious group of Lancaster county Amish
80%
New Jersey's gambling city Atlantic City
80%
Famous ski resort in Colorado Aspen
79%
Most well known military cemetery in the United States Arlington
76%
City where Breaking Bad is set Albuquerque
71%
Native American tribe of Geronimo Apache
66%
1,200 mile long island chain of the above Aleutian
63%
Nevada's "UFO" Air Force Area 51
62%
Pago Pago is its capital American Samoa
46%
National park in Maine Acadia
44%
No matching quizzes found
Score Distribution
Percent of People with Each Score
Percentile by Number Answered
Your Score History
You have not taken this quiz